Κατάλογος Βιβλιοθηκών Mediterranean College

Εταιρική Κοινωνική Ευθύνη (Record no. 4541)

MARC details
000 -LEADER
fixed length control field 01241cam a22001934a 4500
005 - ΗΜΕΡΟΜΗΝΙΑ ΚΑΙ ΩΡΑ ΤΕΛΕΥΤΑΙΑΣ ΕΝΗΜΕΡΩΣΗΣ
Πεδίο ελέγχου 20250605164148.0
008 - FIXED-LENGTH DATA ELEMENTS--GENERAL INFORMATION
Πεδίο ελέγχου σταθερού μήκους 250528s ||||||||||||||||||||||||d
035 ## - SYSTEM CONTROL NUMBER
System control number 19277
040 ## - ΠΗΓΗ ΚΑΤΑΛΟΓΟΓΡΑΦΗΣΗΣ
Φορέας πρωτότυπης καταλογογράφησης MC Athens Campus Library
Γλώσσα καταλογογράφησης Ελληνικά, Μοντέρνα (1453-)
Modifying agency MC Athens Campus Library
Κανόνες περιγραφικής καταλογογράφησης AACR2
245 1# - ΤΙΤΛΟΣ ΚΑΙ ΔΗΛΩΣΗ ΥΠΕΥΘΥΝΟΤΗΤΑΣ
Τίτλος Εταιρική Κοινωνική Ευθύνη
250 ## - EDITION STATEMENT
Edition statement
260 ## - PUBLICATION, DISTRIBUTION, ETC.
Name of publisher, distributor, etc. Σταμούλης,
Date of publication, distribution, etc. 2011
300 ## - PHYSICAL DESCRIPTION
Extent 516
520 ## - SUMMARY, ETC.
Summary, etc. Η Εταιρική Κοινωνική Ευθύνη ως Διεθνής Διάσπαση, Έννοια και Περιεχόμενο της Εταιρικής Κοινωνικής Ευθύνης, Η Τριμερής Διάσταση της Εταιρικής Κοινωνικής Ευθύνης, Θεσμοί και Όργανα και Πρωτοβουλίες για την ΕΚΕ σε Διεθνές Επίπεδο, Η Οργάνωση και Διοίκηση της Εταιρικής Κοινωνικής Ευθύνης, Τα Πρότυπα της Εταιρικής Κοινωνικής Ευθύνης, Δείκτες Εταιρικής Κοινωνικής Ευθύνης, Ανακεφαλαίωση, Ασκήσεις, Βιβλιογραφία.
700 1# - ΠΡΟΣΘΕΤΗ ΑΝΑΓΡΑΦΗ--ΦΥΣΙΚΟ ΠΡΟΣΩΠΟ
Personal name Βαξεβανίδου Μαρία
9 (RLIN) 5512
942 ## - ADDED ENTRY ELEMENTS (KOHA)
Koha item type Books
Holdings
Τύπος τεκμηρίου Βιβλιοθήκη Τρέχουσα τοποθεσία Barcode Αριθμός εισαγωγής Ημερομηνία απόκτησης Ταξιθετικό σύμβολο Αριθμός αντιτύπου Κατάσταση απόσυρσης Κατάσταση χαμένου Κατάσταση κατεστραμμένου Μη δανεισμός Σύνολο δανεισμών Σύνολο ανανεώσεων Ημερομηνία τελευταίας εμφάνισης Χρονολογία τελευταίου δανεισμού Η τιμή ισχύει από
Books MC Athens Campus Library MC Athens Campus Library 9780000045409 5276 05/06/2025 658.408 VAX 1         1 2 04/12/2025 13/11/2025 05/06/2025

MC Athens Campus Library
Πατησίων 94 & Κοδριγκτώνος 13, 104 34
Πελλήνης 8 & Πατησίων 107, 112 51
Τ: +30 210 8899600

MC Thessaloniki Campus Library
Ίωνος Δραγούμη 21, 54625 | Ίωνος Δραγούμη 15, 54625
Τ: +30 2310 287779 – Τ: +30 2314 440300